<?xml version="1.0" encoding="UTF-8"?>
<record
    xmlns:xsi="http://www.w3.org/2001/XMLSchema-instance"
    xsi:schemaLocation="http://www.loc.gov/MARC21/slim http://www.loc.gov/standards/marcxml/schema/MARC21slim.xsd"
    xmlns="http://www.loc.gov/MARC21/slim">

  <leader>01130nam a22002537a 4500</leader>
  <controlfield tag="001">BRCA_9336</controlfield>
  <controlfield tag="003">FranzMayer</controlfield>
  <controlfield tag="005">20230918120853.0</controlfield>
  <controlfield tag="008">230825b        |||||||| |||| 00| 0 eng d</controlfield>
  <datafield tag="020" ind1=" " ind2=" ">
    <subfield code="a">097763681X</subfield>
  </datafield>
  <datafield tag="040" ind1=" " ind2=" ">
    <subfield code="a">MFM</subfield>
    <subfield code="b">espa&#xF1;ol</subfield>
    <subfield code="c">MFM</subfield>
  </datafield>
  <datafield tag="050" ind1=" " ind2="0">
    <subfield code="a">N6465.I4</subfield>
    <subfield code="b">.V43 2006</subfield>
  </datafield>
  <datafield tag="110" ind1="1" ind2=" ">
    <subfield code="4">Responsable</subfield>
    <subfield code="a">Vero Beach, Florida</subfield>
    <subfield code="b">Vero Beach Museum of Art</subfield>
    <subfield code="9">29191</subfield>
  </datafield>
  <datafield tag="240" ind1=" " ind2=" ">
    <subfield code="a">Masters of lights</subfield>
    <subfield code="h">Selections of American Impressionism from the Manoogian Collection</subfield>
    <subfield code="l">Ingl&#xE9;s</subfield>
  </datafield>
  <datafield tag="245" ind1="0" ind2=" ">
    <subfield code="a">Masters of lights</subfield>
    <subfield code="b">Selections of American Impressionism from the Manoogian Collection</subfield>
  </datafield>
  <datafield tag="260" ind1=" " ind2=" ">
    <subfield code="a">Florida, EE.UU,</subfield>
    <subfield code="b">Vero Beach Museum of Art</subfield>
    <subfield code="c">2006</subfield>
  </datafield>
  <datafield tag="300" ind1=" " ind2=" ">
    <subfield code="a">136 p</subfield>
    <subfield code="b">Ilustraciones a color</subfield>
    <subfield code="c">30 cm</subfield>
  </datafield>
  <datafield tag="500" ind1=" " ind2=" ">
    <subfield code="a">Anexo 1</subfield>
  </datafield>
  <datafield tag="505" ind1=" " ind2=" ">
    <subfield code="a">Texto en: ingl&#xE9;sIncluye &#xED;ndice tem&#xE1;ticoIncluye bibliograf&#xED;a pp:131-136Dirigido a: muse&#xF3;grafos, artistas visuales o historiadores de arte.</subfield>
  </datafield>
  <datafield tag="650" ind1="1" ind2=" ">
    <subfield code="2">Artes visuales</subfield>
    <subfield code="a">Historia del arte</subfield>
    <subfield code="v">Arte moderno</subfield>
    <subfield code="9">29192</subfield>
  </datafield>
  <datafield tag="651" ind1="2" ind2=" ">
    <subfield code="2">Artes del siglo XIX</subfield>
    <subfield code="a">Corrientes art&#xED;sticas </subfield>
    <subfield code="v">Impresionismo</subfield>
    <subfield code="x">Manoogian Collection</subfield>
    <subfield code="9">29193</subfield>
  </datafield>
  <datafield tag="700" ind1="1" ind2=" ">
    <subfield code="4">Edit.</subfield>
    <subfield code="a">Gedeon, Lucinda H.</subfield>
    <subfield code="9">29194</subfield>
  </datafield>
  <datafield tag="942" ind1=" " ind2=" ">
    <subfield code="2">lcc</subfield>
    <subfield code="c">B</subfield>
  </datafield>
  <datafield tag="999" ind1=" " ind2=" ">
    <subfield code="c">10958</subfield>
    <subfield code="d">10958</subfield>
  </datafield>
  <datafield tag="952" ind1=" " ind2=" ">
    <subfield code="0">0</subfield>
    <subfield code="1">0</subfield>
    <subfield code="2">lcc</subfield>
    <subfield code="4">0</subfield>
    <subfield code="7">0</subfield>
    <subfield code="8">FCON</subfield>
    <subfield code="a">BRCA</subfield>
    <subfield code="b">BRCA</subfield>
    <subfield code="d">2023-08-25</subfield>
    <subfield code="l">0</subfield>
    <subfield code="o">N6465.I4 .V43 2006</subfield>
    <subfield code="p">CONT10092</subfield>
    <subfield code="r">2023-08-25 00:00:00</subfield>
    <subfield code="w">2023-08-25</subfield>
    <subfield code="y">B</subfield>
  </datafield>
</record>
